000 00546nam a22001817a 4500
005 20251108164233.0
008 250721s9999 xx 000 0 ara d
082 1 4 _a791.4/روز
100 1 _aروز، توني
245 1 0 _aكيف تخرج الأفلام للهواة /
264 1 _aالقاهره :
_bالمؤسسه المصريه العامه،
_c[19-].
300 _a203ص
650 1 7 _aالأفلام
650 1 7 _aالسينما
700 1 _aالشفقي، محمد عبد الله
_eترجمة
942 _2ddc
_cBK
999 _c7108
_d7108